| 000 | 01444nam a22003255a 4500 | ||
|---|---|---|---|
| 999 |
_c27116 _d27088 |
||
| 003 | EG-ScBUE | ||
| 005 | 20190211154203.0 | ||
| 008 | 190211s2014 ua frb 000 0 ara d | ||
| 017 | _a2013 / 21618 | ||
| 020 | _a9789779011219 | ||
| 040 |
_aEG-ScBUE _bara _cEG-ScBUE _dEG-ScBUE |
||
| 043 |
_af-ua--- _ama----- |
||
| 082 | 0 | 4 |
_a347.012 _bم ر ا _222 |
| 100 | 1 | _aمراد، عبد الفتاح. | |
| 245 | 1 | 0 |
_aشرح جرائم الجلسات و مشكلاتها العملية / _cعبد الفتاح مراد. |
| 250 | _aط. 1، نادي القضاة. | ||
| 260 |
_a[القاهرة] : _bنادي القضاة، _c2014. |
||
| 300 |
_a765 ص. _c24 سم. |
||
| 504 | _aيشتمل على إرجاعات ببليوجرافية. | ||
| 541 |
_aد. أحمد حمد ؛ _cإهداء ؛ |
||
| 650 | 7 |
_aالمحاكم _xقوانين وتشريعات _zمصر. _2BUEsh |
|
| 650 | 7 |
_aالمحاكم _xقوانين وتشريعات _zالبلاد العربية. _2BUEsh |
|
| 650 | 7 |
_aجلسات المحاكمة _xقوانين وتشريعات _zالبلاد العربية. |
|
| 650 | 7 |
_aجلسات المحاكمة _xقوانين وتشريعات _zمصر. _2BUEsh |
|
| 650 | 7 |
_aجرائم الجلسات _xقوانين وتشريعات _zمصر. _2BUEsh _910938 |
|
| 650 | 7 |
_aجرائم الجلسات _xقوانين وتشريعات _zالبلاد العربية. _2BUEsh |
|
| 651 | _2BUEsh | ||
| 653 |
_bLLAAWW _cFebruary2019 |
||
| 942 | _2ddc | ||